Science policy from ford to reagan change and continuity
Đã lưu trong:
| Tác giả chính: | |
|---|---|
| Định dạng: | Sách |
| Ngôn ngữ: | Undetermined |
| Được phát hành: |
Washington
American Enterprise
1982
|
| Những chủ đề: | |
| Các nhãn: |
Thêm thẻ
Không có thẻ, Là người đầu tiên thẻ bản ghi này!
|
| Thư viện lưu trữ: | Trung tâm Học liệu Trường Đại học Cần Thơ |
|---|
| LEADER | 00579nam a2200193Ia 4500 | ||
|---|---|---|---|
| 001 | CTU_99068 | ||
| 008 | 210402s9999 xx 000 0 und d | ||
| 082 | |a 353.00855 | ||
| 082 | |b B249 | ||
| 100 | |a Barfield, Claude E. | ||
| 245 | 0 | |a Science policy from ford to reagan change and continuity | |
| 245 | 0 | |c Claude E. Barfield | |
| 260 | |a Washington | ||
| 260 | |b American Enterprise | ||
| 260 | |c 1982 | ||
| 650 | |a Science and state,Technology and state | ||
| 650 | |z United states,United states | ||
| 904 | |i Truc | ||
| 980 | |a Trung tâm Học liệu Trường Đại học Cần Thơ | ||